000 00733nam a2200241Ia 4500
008 191130s2010##################000#0#eng##
020 _a9780470113967
022 _a2008020136
040 _aACL
_cACL
082 _a658.155 WHI
100 _aWhite, John A
245 _aPrinciples of engineering economic analysis
_cJohn A. White, Kenneth E. Case, David B. Pratt
250 _a5th ed
260 _aHoboken, NJ
_bWiley
_c2010
300 _axviii, 908 p. : ill. (some col.) ; 27 cm
500 _aIncludes bibliographical references and index
650 _aEngineering economy
700 _aCase, Kenneth E
700 _aPratt, David B
990 _a7c2a5a38ac10000c0f97d63b733623dc
991 _a192223
999 _c43431
_d43431